| 000 | 01004nas a2200337 4500 | ||
|---|---|---|---|
| 001 | BR2015001682 | ||
| 003 | BR-BrBNA | ||
| 005 | 20231205125133.0 | ||
| 007 | ta | ||
| 008 | 230509b bl.|||p| |||| 00| 00por d | ||
| 040 |
_aBR-BrBNA _bpor _cBiblioteca Nacional de Agricultura |
||
| 041 | _a(En) | ||
| 072 | _aF30 | ||
| 100 | 1 | _aFonseca, R.R.G. | |
| 100 | 1 | _aGonçalves, F.M.A. | |
| 100 | 1 | _aRosse, L.N. | |
| 100 | 1 | _aRamalho, M.A.P. | |
| 100 | 1 | _aBruzi, A.T. | |
| 100 | 1 | _aReis, C.A.F. | |
| 245 | 1 | _aRealized heritability in the selection of Eucalyptus spp. trees through progeny test | |
| 650 | _aPROGÊNIE | ||
| 650 | _aMELHORAMENTO | ||
| 650 | _aSELEÇÃO | ||
| 650 | _aINTERAÇÃO GENÉTICA | ||
| 650 | _aÁRVORE FLORESTAL | ||
| 650 | _aEUCALIPTO | ||
| 650 | _aEUCALYPTUS SPP | ||
| 773 | 0 |
_tCrop Breeding and Applied Biotechnology (Brazil) _xISSN 1518-7853 _g(June 2010), v. 10(2) p. 160-165 _wBR2015001682 |
|
| 909 |
_a202311 _bLúcia _c55 _dLúcia Elande |
||
| 942 |
_2AGRIS _n0 _cANA |
||
| 999 |
_c242846 _d242846 |
||